| 000 | 00438nam a2200169 a 4500 | ||
|---|---|---|---|
| 005 | 20140310183210.0 | ||
| 008 | 030220s19uu xx 00 eng d | ||
| 020 | _a0867210729 | ||
| 050 |
_aPS 3564 _b.N379 1982 |
||
| 100 | _aNeely, Richard | ||
| 245 |
_aAn Accidental woman / _cRichard Neely. |
||
| 260 |
_aUnited States ; _bPlayBoy, _c1982. |
||
| 300 |
_a399 p. : _c17 cm. |
||
| 650 | _aFiction | ||
| 942 |
_cBK _2lcc |
||
| 999 |
_c20120 _d20120 |
||